000 00669nam a2200253 i 4500
001 C2-0292622
003 PPAK
005 20180728024622.0
008 090107s2006 nyu |||| ||||| | eng d
020 _a193108274X
040 _aPPAK
_beng
_cPPAK
_erda
082 0 4 _a821
_223
090 0 0 _a821
_bBLO
_dLCK
090 0 0 _a821
_bBLO
_dRLCK
100 1 _aBloom, Harold,
_eauthor
245 1 0 _aAmerican religious poems
264 1 _aNew York :
_bThe Library of America ,
_c2006
300 _axlvii, 685 pages ;
_c21 cm
336 _2rdacontent
_atext
337 _2rdamedia
_aunmediated
338 _2rdacarrier
_avolume
650 1 0 _aEnglish poetry
942 _ddc
_cB
999 _c97471
_d97471